000 00481cam a22002051 4500
001 sa 68002149
003 DLC
005 20260227112440.0
008 881028s1967 xx 000 0 benr
010 _asa 68002149
035 _a(OCoLC)23564395
040 _aDLC
_cMiU
_dDLC
042 _apremarc
050 0 0 _aPK1718.R2289
_bB5
100 1 _aRahman, Shamsur.
245 1 0 _aBidhvasta nĭlimā.
260 _a[n.p.
_c1967]
300 _a90 p.
_c21 cm.
500 _aRomanized.
999 _c78479
_d78479